00563nam a22001457a 4500082001200000100002000012245010000032260003700132300001900169650004400188700002800232942001300260999001900273952012500292 a620.005 aSyed, Ali Fahad aAnalysis of Fuel Supply System of Pakistan Army to Effect Overall Improvement /cAli Fahad Syed aIslamabad :bCEME - NUST,c2013. a91 p. ;c30cm. aEngineering Management-MS-Thesis916065 aDr. Javaid Iqbal931386 2ddccTHE c536485d536485 00102ddc406620_005000000000000709499937aCLbCLcTHEd2020-10-16l0o620.005pCL-T-599r2020-10-16w2020-10-16yTHE